Ethics Dumping : (Record no. 93310)

MARC details
000 -LEADER
fixed length control field 01217nam a2200289Ii 4500
008 - FIXED-LENGTH DATA ELEMENTS--GENERAL INFORMATION
fixed length control field 221202s xx 000 0 und d
245 #0 - TITLE STATEMENT
Title Ethics Dumping :
Remainder of title Case Studies from North-South Research Collaborations
264 #1 - PRODUCTION, PUBLICATION, DISTRIBUTION, MANUFACTURE, AND COPYRIGHT NOTICE
Place of production, publication, distribution, manufacture Cham
Name of producer, publisher, distributor, manufacturer Springer Nature
Date of production, publication, distribution, manufacture, or copyright notice 2018
300 ## - PHYSICAL DESCRIPTION
Extent 1 online resource
336 ## - CONTENT TYPE
Content type term text
Content type code txt
Source rdacontent
337 ## - MEDIA TYPE
Media type term computer
Media type code c
Source rdamedia
338 ## - CARRIER TYPE
Carrier type term online resource
Carrier type code cr
Source rdacarrier
490 ## - SERIES STATEMENT
Series statement SpringerBriefs in Research and Innovation Governance
520 ## - SUMMARY, ETC.
Summary, etc. Global Research Ethics; Global Bioethics; North-South Collaborations; Exploitation Vulnerability; Research Governance; Double Standards in Research; Ethics Dumping Examples
653 ## - INDEX TERM--UNCONTROLLED
Uncontrolled term Exploitation Vulnerability
653 ## - INDEX TERM--UNCONTROLLED
Uncontrolled term Global Bioethics
653 ## - INDEX TERM--UNCONTROLLED
Uncontrolled term Global Research Ethics
653 ## - INDEX TERM--UNCONTROLLED
Uncontrolled term North-South Collaborations
653 ## - INDEX TERM--UNCONTROLLED
Uncontrolled term Research Governance
700 1# - ADDED ENTRY--PERSONAL NAME
Personal name Cook, Julie
700 1# - ADDED ENTRY--PERSONAL NAME
Personal name Fenet, Solveig
700 1# - ADDED ENTRY--PERSONAL NAME
Personal name Hirsch, François
700 1# - ADDED ENTRY--PERSONAL NAME
Personal name Muthuswamy, Vasantha
700 1# - ADDED ENTRY--PERSONAL NAME
Personal name Schroeder, Doris
856 ## - ELECTRONIC LOCATION AND ACCESS
Uniform Resource Identifier <a href="https://docs.google.com/spreadsheets/d/1yKIrdCPDAG_9c22mwoOIO2DOhtj65Wqa/edit?usp=sharing&ouid=106555315294820607512&rtpof=true&sd=true ">https://docs.google.com/spreadsheets/d/1yKIrdCPDAG_9c22mwoOIO2DOhtj65Wqa/edit?usp=sharing&ouid=106555315294820607512&rtpof=true&sd=true </a>
Link text List of Curated E-Books
942 ## - ADDED ENTRY ELEMENTS (KOHA)
Koha item type E-Book

No items available.

University of Rizal System
Email us at univlibservices@urs.edu.ph

Visit our Website www.urs.edu.ph/library